00325nam a2200121Ia 4500008004100000041001200041082001600053100001300069245006100082260004200143300000800185650001000193221030s9999 xx 000 0 und d aEnglish a105.23bMox aR. Moxly 0aMitchell`s Elementary Building Constructioncby R. Moxly bS.K. Kataria & SonsaNew Delhic1959 a376 aCivil